MyGZULibrary

The parent's guide to protecting your children in cyberspace / (Record no. 3239)

MARC details
000 -LEADER
fixed length control field 01135cam a22003254a 4500
001 - CONTROL NUMBER
control field 12033345
003 - CONTROL NUMBER IDENTIFIER
control field GZU
005 - DATE AND TIME OF LATEST TRANSACTION
control field 20201123145602.0
008 - FIXED-LENGTH DATA ELEMENTS--GENERAL INFORMATION
fixed length control field 000607s2000 nyua g 001 0 eng c
010 ## - LIBRARY OF CONGRESS CONTROL NUMBER
LC control number 00267863
020 ## - INTERNATIONAL STANDARD BOOK NUMBER
International Standard Book Number 0071357521
035 ## - SYSTEM CONTROL NUMBER
System control number (OCoLC)ocm43371815
040 ## - CATALOGING SOURCE
Original cataloging agency WSN
Transcribing agency WSN
Modifying agency DAY
-- DLC
042 ## - AUTHENTICATION CODE
Authentication code pcc
050 00 - LIBRARY OF CONGRESS CALL NUMBER
Classification number HQ784
Item number AFT 2000
100 1# - MAIN ENTRY--PERSONAL NAME
Personal name Aftab, Parry.
245 14 - TITLE STATEMENT
Title The parent's guide to protecting your children in cyberspace /
Statement of responsibility, etc. Parry Aftab.
260 ## - PUBLICATION, DISTRIBUTION, ETC.
Place of publication, distribution, etc. New York :
Name of publisher, distributor, etc. McGraw-Hill,
Date of publication, distribution, etc. c2000.
300 ## - PHYSICAL DESCRIPTION
Extent xxi, 330 p. :
Other physical details ill. ;
Dimensions 24 cm.
500 ## - GENERAL NOTE
General note Includes index.
650 #0 - SUBJECT ADDED ENTRY--TOPICAL TERM
Topical term or geographic name entry element Internet and children.
650 #0 - SUBJECT ADDED ENTRY--TOPICAL TERM
Topical term or geographic name entry element Computers and children.
650 #0 - SUBJECT ADDED ENTRY--TOPICAL TERM
Topical term or geographic name entry element Parenting.
650 #0 - SUBJECT ADDED ENTRY--TOPICAL TERM
Topical term or geographic name entry element Computers and families.
856 41 - ELECTRONIC LOCATION AND ACCESS
Materials specified Table of contents
Uniform Resource Identifier <a href="http://www.loc.gov/catdir/toc/mh021/00267863.html">http://www.loc.gov/catdir/toc/mh021/00267863.html</a>
856 42 - ELECTRONIC LOCATION AND ACCESS
Materials specified Contributor biographical information
Uniform Resource Identifier <a href="http://www.loc.gov/catdir/enhancements/fy0707/00267863-b.html">http://www.loc.gov/catdir/enhancements/fy0707/00267863-b.html</a>
906 ## - LOCAL DATA ELEMENT F, LDF (RLIN)
a 7
b cbc
c pccadap
d 2
e ncip
f 20
g y-gencatlg
942 ## - ADDED ENTRY ELEMENTS (KOHA)
Source of classification or shelving scheme Library of Congress Classification
Koha item type Books
Classification part 784
Item part AFT
Call number prefix HQ
Holdings
Withdrawn status Lost status Damaged status Not for loan Collection code Home library Current library Shelving location Date acquired Inventory number Total Checkouts Total Renewals Full call number Barcode Date last seen Date last checked out Copy number Price effective from Koha item type
        Non-fiction City Campus Library City Campus Library General Stacks 11/23/2020 4274 1 3 HQ 784 AFT 2000 B017741 05/06/2025 03/18/2025 c.1 11/23/2020 Books